[Event "EU-ch (Women) 24th"]
[Site "Rhodes"]
[Date "2024.04.21"]
[Round "3"]
[White "Matnadze, Ana"]
[Black "Abrisqueta Zudaire, Leyre"]
[Result "1-0"]
[WhiteElo "2365"]
[BlackElo "2115"]
[PlyCount "51"]
[EventDate "2024.04.19"]
[EventType "swiss"]
[EventRounds "10"]
[EventCountry "GRE"]
[SourceTitle "CB18_2024"]
[SourceDate "2024.05.01"]
[SourceVersion "1"]
[SourceVersionDate "2024.05.01"]
[SourceQuality "2"]

1. d4 d5 2. c4 e6 3. Nf3 Nf6 4. g3 Nc6 5. Bg2 Bd6 6. Nbd2 a5 7. 0-0 0-0 8. a3 Ne4 9. Nxe4 dxe4 10. Ng5 f5 11. d5 Ne5 12. Nxe6 Bxe6 13. dxe6 Qe7 14. Qc2 Bc5 15. Bf4 Qxe6 16. Rad1 Nc6 17. Rd5 Bd6 18. Bxd6 cxd6 19. Rfd1 Rad8 20. Qd2 Ne5 21. c5 Rc8 22. cxd6 Nc4 23. Qd4 Rfd8 24. g4 fxg4 25. Bxe4 Nxd6 26. Bf5 1-0

[Event "AUT-chT (Women) 2324"]
[Site "Austria"]
[Date "2024.03.24"]
[Round "6.4"]
[White "Matnadze, Ana"]
[Black "Stangl, Anita"]
[Result "1-0"]
[WhiteElo "2359"]
[BlackElo "2070"]
[PlyCount "107"]
[EventDate "2023.11.24"]
[EventType "team-tourn"]
[EventRounds "9"]
[EventCountry "AUT"]
[SourceTitle "CB16_2024"]
[SourceDate "2024.04.17"]
[SourceVersion "1"]
[SourceVersionDate "2024.04.17"]
[SourceQuality "1"]
[WhiteTeam "Pamhagen (W)"]
[BlackTeam "Schach ohne Grenzen (W)"]
[WhiteTeamCountry "AUT"]
[BlackTeamCountry "AUT"]

1. d4 e6 2. c4 d5 3. Nf3 c6 4. Qc2 dxc4 5. Qxc4 Nf6 6. g3 Be7 7. Bg2 0-0 8. 0-0 b5 9. Qc2 Qb6 10. a4 a5 11. Bg5 h6 12. Bxf6 Bxf6 13. axb5 Qxb5 14. Nc3 Qb6 15. Na4 Qb5 16. Rfc1 Ba6 17. e3 Qb4 18. Nc5 Bb5 19. Ne1 a4 20. Qc3 Qxc3 21. bxc3 e5 22. c4 Ba6 23. dxe5 Bxe5 24. Rxa4 Bb7 25. Rxa8 Bxa8 26. Ned3 Bf6 27. Rc2 Rd8 28. Bh3 Bb7 29. Ra2 Bc8 30. Bxc8 Rxc8 31. Ra8 Rd8 32. Kf1 Be7 33. Ke2 Rf8 34. Ra7 Re8 35. h4 Kf8 36. Ra8 Bd6 37. f4 f5 38. h5 Kf7 39. Kf3 Re7 40. Nb3 Nd7 41. c5 Bc7 42. Nd4 Nf6 43. Nxc6 Re4 44. Nd4 g6 45. Ra7 Nd5 46. hxg6+ Kxg6 47. Nxf5 Rc4 48. e4 Rc3 49. exd5 Kxf5 50. g4+ Kf6 51. Rxc7 Rxd3+ 52. Ke4 Rd1 53. Rc6+ Kg7 54. Re6 1-0

[Event "Wachtebeke-A"]
[Site "Wachtebeke"]
[Date "2024.02.12"]
[Round "5"]
[White "Matnadze, Ana"]
[Black "Ochs, Daniel Elias"]
[Result "1/2-1/2"]
[WhiteElo "2362"]
[BlackElo "2287"]
[PlyCount "56"]
[EventDate "2024.02.10"]
[EventType "tourn"]
[EventRounds "9"]
[EventCountry "BEL"]
[EventCategory "3"]
[SourceTitle "CB09_2024"]
[SourceDate "2024.02.28"]
[SourceVersion "1"]
[SourceVersionDate "2024.02.28"]
[SourceQuality "1"]

1. d4 e6 2. c4 f5 3. Nf3 Nf6 4. g3 d5 5. Bg2 c6 6. 0-0 Bd6 7. Bf4 Bxf4 8. gxf4 0-0 9. Nbd2 Qe7 10. Qb3 Ne4 11. Qe3 Nd7 12. Kh1 b6 13. Rac1 Ba6 14. b3 Rac8 15. Nxe4 dxe4 16. Ne5 Nxe5 17. dxe5 c5 18. f3 exf3 19. Qxf3 Rfd8 20. Rcd1 Rc7 21. Rd3 Bb7 22. Qg3 Bxg2+ 23. Qxg2 Rcd7 24. Rff3 Rxd3 25. exd3 Qh4 26. Qg3 Qe7 27. Qg2 Qh4 28. Qg3 Qe7 1/2-1/2

[Event "Wachtebeke-A"]
[Site "Wachtebeke"]
[Date "2024.02.11"]
[Round "3"]
[White "Matnadze, Ana"]
[Black "Dobrikov, Marco"]
[Result "0-1"]
[WhiteElo "2362"]
[BlackElo "2248"]
[PlyCount "62"]
[EventDate "2024.02.10"]
[EventType "tourn"]
[EventRounds "9"]
[EventCountry "BEL"]
[EventCategory "3"]
[SourceTitle "CB09_2024"]
[SourceDate "2024.02.28"]
[SourceVersion "1"]
[SourceVersionDate "2024.02.28"]
[SourceQuality "1"]

1. Nf3 Nf6 2. d4 d5 3. c4 c6 4. Qc2 Bg4 5. Ne5 e6 6. Nxg4 Nxg4 7. g3 Bb4+ 8. Nc3 dxc4 9. f3 Nf6 10. Be3 Nd5 11. Bd2 Qf6 12. 0-0-0 Nxc3 13. Bxc3 Bxc3 14. Qxc3 b5 15. Bg2 0-0 16. f4 a5 17. e4 Na6 18. e5 Qe7 19. Kb1 Nb4 20. Be4 Nd5 21. Qf3 a4 22. f5 a3 23. b3 cxb3 24. Bxd5 cxd5 25. axb3 a2+ 26. Ka1 Qb4 27. Rd3 Rfc8 28. Rf1 Rc2 29. Qd1 Rac8 30. fxe6 Qa3 31. exf7+ Kf8 0-1

[Event "Wch Blitz (Women)"]
[Site "Samarkand"]
[Date "2023.12.29"]
[Round "3"]
[White "Batsiashvili, Nino"]
[Black "Matnadze, Ana"]
[Result "0-1"]
[WhiteElo "2451"]
[BlackElo "2370"]
[PlyCount "90"]
[EventDate "2023.12.29"]
[EventType "swiss (blitz)"]
[EventRounds "17"]
[EventCountry "UZB"]
[SourceTitle "CB01_2024"]
[SourceDate "2024.01.03"]
[SourceVersion "1"]
[SourceVersionDate "2024.01.03"]
[SourceQuality "1"]

1. d4 Nf6 2. c4 e6 3. Nc3 d5 4. Nf3 g6 5. Bg5 Bg7 6. e3 h6 7. Bh4 0-0 8. Rc1 c6 9. cxd5 exd5 10. Bd3 Nbd7 11. 0-0 a5 12. Ne5 Qe8 13. f4 Qe7 14. Qf3 a4 15. h3 Nb6 16. g4 Qb4 17. Rc2 Nc4 18. Bxc4 dxc4 19. Bxf6 Bxf6 20. Ne4 Bg7 21. f5 a3 22. Rxc4 Qxb2 23. Rf2 Qb1+ 24. Kg2 b5 25. Rc5 b4 26. f6 Bh8 27. Nd6 b3 28. Ndxf7 bxa2 29. Nxh6+ Kh7 30. Nhf7 a1Q 31. Ng5+ Kg8 32. f7+ Kg7 33. Qf6+ Kh6 34. Kg3 Bxf6 35. Rxf6 Qg1+ 36. Kf4 Qh2+ 37. Ke4 Qb1+ 38. Nd3 Kg7 39. Rcxc6 Qg2+ 40. Nf3 Bd7 41. Rxg6+ Kxf7 42. Rcf6+ Ke7 43. Rf4 Rxf4+ 44. Kxf4 Qxd3 45. Rg7+ Kd6 0-1

[Event "Wch Blitz (Women)"]
[Site "Samarkand"]
[Date "2023.12.29"]
[Round "5"]
[White "Gunina, Valentina"]
[Black "Matnadze, Ana"]
[Result "1-0"]
[WhiteElo "2437"]
[BlackElo "2370"]
[PlyCount "123"]
[EventDate "2023.12.29"]
[EventType "swiss (blitz)"]
[EventRounds "17"]
[EventCountry "UZB"]
[SourceTitle "CB01_2024"]
[SourceDate "2024.01.03"]
[SourceVersion "1"]
[SourceVersionDate "2024.01.03"]
[SourceQuality "1"]

1. d4 d5 2. c4 e6 3. Nf3 Nf6 4. Nc3 c6 5. e3 g6 6. Be2 Bg7 7. 0-0 0-0 8. b3 b6 9. Bb2 Bb7 10. a4 a5 11. Bd3 Na6 12. Qe2 Nb4 13. Bb1 c5 14. Nb5 Qe7 15. dxc5 bxc5 16. Ne5 Rfd8 17. Nd3 dxc4 18. bxc4 Rac8 19. f3 Ne8 20. Bxg7 Kxg7 21. Nc1 Qf6 22. Nb3 Nc7 23. Be4 Bxe4 24. fxe4 Qe5 25. Qf3 Rd7 26. Nxa5 Nca6 27. Rad1 Rcd8 28. Rxd7 Rxd7 29. Qf4 Qb2 30. Nd6 Nd3 31. Qf6+ Qxf6 32. Ne8+ Kf8 33. Nxf6 Ra7 34. Nxh7+ Kg7 35. Ng5 Nab4 36. Nb3 Nc6 37. h3 Nce5 38. a5 Nxc4 39. Nxc5 Nxc5 40. Rc1 Rxa5 41. Rxc4 f6 42. Rxc5 Ra1+ 43. Kf2 fxg5 44. Rxg5 Kf6 45. Rb5 Ra2+ 46. Kf3 Ra1 47. e5+ Kf5 48. g4+ Kg5 49. Rb6 Rf1+ 50. Ke4 Rh1 51. Rxe6 Rxh3 52. Rf6 Rh8 53. Rf4 Re8 54. Kd5 Rd8+ 55. Kc6 Rd3 56. Re4 Rc3+ 57. Kd7 Ra3 58. e6 Kf6 59. e7 Ra7+ 60. Kd6 Ra6+ 61. Kc5 Ra5+ 62. Kb6 1-0

[Event "Wch Blitz (Women)"]
[Site "Samarkand"]
[Date "2023.12.29"]
[Round "2"]
[White "Matnadze, Ana"]
[Black "Bodnaruk, Anastasia"]
[Result "1-0"]
[WhiteElo "2370"]
[BlackElo "2340"]
[PlyCount "107"]
[EventDate "2023.12.29"]
[EventType "swiss (blitz)"]
[EventRounds "17"]
[EventCountry "UZB"]
[SourceTitle "CB01_2024"]
[SourceDate "2024.01.03"]
[SourceVersion "1"]
[SourceVersionDate "2024.01.03"]
[SourceQuality "1"]

1. d4 Nf6 2. Nf3 g6 3. g3 Bg7 4. Bg2 0-0 5. 0-0 d6 6. c4 Nc6 7. Nc3 a6 8. d5 Na5 9. Nd2 c5 10. Rb1 Rb8 11. b3 b5 12. Bb2 e5 13. dxe6 fxe6 14. cxb5 axb5 15. Nde4 Rb6 16. Nxf6+ Bxf6 17. Ne4 Bxb2 18. Rxb2 Qe7 19. Rc2 Nb7 20. Qc1 Bd7 21. h4 Rc8 22. Qg5 Qxg5 23. hxg5 Kg7 24. Rfc1 b4 25. f4 Bc6 26. Nf6 Bxg2 27. Kxg2 h5 28. e4 Ra6 29. Rd1 Rca8 30. Rdd2 Nd8 31. g4 hxg4 32. Kg3 Nf7 33. Rh2 Rh8 34. Rxh8 Kxh8 35. Rh2+ Kg7 36. Kxg4 Rc6 37. Kf3 c4 38. bxc4 Rxc4 39. Rb2 e5 40. Kg4 exf4 41. Kxf4 Ne5 42. Rh2 Nf7 43. Rh7+ Kf8 44. Rh2 Rc3 45. Ng4 Rc5 46. Rb2 Rxg5 47. Rxb4 Ra5 48. a4 Kg7 49. Ne3 Ne5 50. Rb7+ Kh6 51. Nd5 Rxa4 52. Nf6 g5+ 53. Kf5 Ng6 54. Rh7# 1-0

[Event "Wch Blitz (Women)"]
[Site "Samarkand"]
[Date "2023.12.29"]
[Round "8"]
[White "Matnadze, Ana"]
[Black "Lesbekova, Asel"]
[Result "1/2-1/2"]
[WhiteElo "2370"]
[BlackElo "1805"]
[PlyCount "80"]
[EventDate "2023.12.29"]
[EventType "swiss (blitz)"]
[EventRounds "17"]
[EventCountry "UZB"]
[SourceTitle "CB01_2024"]
[SourceDate "2024.01.03"]
[SourceVersion "1"]
[SourceVersionDate "2024.01.03"]
[SourceQuality "1"]

1. f4 d5 2. Nf3 c5 3. e3 Nc6 4. b3 Nf6 5. Bb2 g6 6. Bb5 Bg7 7. 0-0 0-0 8. Bxc6 bxc6 9. Ne5 Qc7 10. Nf3 Nd7 11. Bxg7 Kxg7 12. c4 Ba6 13. Qc2 e5 14. fxe5 Nxe5 15. Qc3 f6 16. Na3 Nxf3+ 17. Rxf3 Qe5 18. Rc1 Qxc3 19. Rxc3 d4 20. Rd3 Rad8 21. Nc2 dxe3 22. Rfxe3 Kf7 23. Kf2 Bc8 24. Ne1 Bf5 25. Rxd8 Rxd8 26. d3 a5 27. h3 h5 28. Kf3 h4 29. Ke2 a4 30. Nf3 axb3 31. axb3 g5 32. Nd2 Ra8 33. Rf3 Ke6 34. Re3+ Kd6 35. Rf3 Ke6 36. Re3+ Kd6 37. Rf3 Ke6 38. Rf1 Rd8 39. Rf3 Ra8 40. Re3+ Kd6 1/2-1/2

[Event "Wch Blitz (Women)"]
[Site "Samarkand"]
[Date "2023.12.29"]
[Round "6"]
[White "Matnadze, Ana"]
[Black "Narva, Mai"]
[Result "0-1"]
[WhiteElo "2370"]
[BlackElo "2403"]
[PlyCount "102"]
[EventDate "2023.12.29"]
[EventType "swiss (blitz)"]
[EventRounds "17"]
[EventCountry "UZB"]
[SourceTitle "CB01_2024"]
[SourceDate "2024.01.03"]
[SourceVersion "1"]
[SourceVersionDate "2024.01.03"]
[SourceQuality "1"]

1. d4 g6 2. Nf3 Bg7 3. g3 d6 4. Bg2 Nd7 5. 0-0 e5 6. c4 Ne7 7. Nc3 0-0 8. e4 exd4 9. Nxd4 Nc6 10. Be3 Nde5 11. Nxc6 bxc6 12. Qe2 Be6 13. b3 Nxc4 14. Bd2 Nxd2 15. Qxd2 h5 16. Rac1 h4 17. Ne2 hxg3 18. hxg3 c5 19. Nf4 Bg4 20. Nd5 Rb8 21. Qf4 Be6 22. Rfd1 Be5 23. Qh6 Bxd5 24. Rxd5 Qf6 25. f4 Bd4+ 26. Kf1 Qg7 27. Qxg7+ Kxg7 28. Rc4 Rfe8 29. Ke2 Rbd8 30. Kd3 Bf2 31. Rg5 Rh8 32. Ke2 Bd4 33. Rg4 c6 34. Ra4 Rd7 35. Ra6 Re7 36. Kf3 d5 37. e5 Rc8 38. Rh4 c4 39. bxc4 dxc4 40. Ke4 c5 41. Bf1 c3 42. Bd3 Rb8 43. Rc6 Rd8 44. Rh2 Bg1 45. Rh1 Rd4+ 46. Kf3 Rxd3+ 47. Kg4 Bf2 48. Rh3 c2 49. Rc8 c1Q 50. Rch8 Qd1+ 51. Kg5 Rxg3+ 0-1

[Event "EU-chT (Women) 24th"]
[Site "Budva"]
[Date "2023.11.15"]
[Round "5.3"]
[White "Klinova, Masha"]
[Black "Matnadze, Ana"]
[Result "0-1"]
[WhiteElo "2245"]
[BlackElo "2397"]
[PlyCount "106"]
[EventDate "2023.11.11"]
[EventType "team-swiss"]
[EventRounds "9"]
[EventCountry "MNE"]
[SourceTitle "CB47_2023"]
[SourceDate "2023.11.22"]
[SourceVersion "1"]
[SourceVersionDate "2023.11.22"]
[SourceQuality "1"]
[WhiteTeam "Israel (W)"]
[BlackTeam "Spain (W)"]
[WhiteTeamCountry "ISR"]
[BlackTeamCountry "ESP"]

1. e4 c6 2. d4 d5 3. Nc3 dxe4 4. Nxe4 Nf6 5. Nxf6+ exf6 6. Be3 Bd6 7. Bd3 Na6 8. c3 Nc7 9. Ne2 Nd5 10. Bd2 f5 11. c4 Nf6 12. Qc2 g6 13. 0-0-0 0-0 14. Bg5 Be7 15. Kb1 Ne4 16. Bxe7 Qxe7 17. Nc3 Nf6 18. g3 Qd6 19. Be2 Be6 20. Rhe1 Rfd8 21. b3 Qb4 22. Kb2 Rac8 23. a3 Qf8 24. Bf3 b5 25. c5 a5 26. Rd2 Qg7 27. Qd1 h5 28. h4 Nd5 29. Bxd5 Bxd5 30. Re5 Be6 31. f4 b4 32. axb4 axb4 33. Na4 Ra8 34. Qe1 Qf6 35. Rd3 Ra5 36. Qh1 Bc4 37. bxc4 Rxa4 38. Qe1 Kh7 39. Rb3 Rda8 40. Kc2 Qd8 41. d5 Ra1 42. Qxb4 R8a2+ 43. Rb2 Qa8 44. Kd3 Rd1+ 45. Ke2 Rb1 46. Rxa2 Qxa2+ 47. Qd2 Rb2 48. Qxb2 Qxb2+ 49. Kf3 Qa3+ 50. Ke2 Qxc5 51. Kd3 Qa3+ 52. Ke2 cxd5 53. Rxd5 Qxg3 0-1

[Event "EU-chT (Women) 24th"]
[Site "Budva"]
[Date "2023.11.11"]
[Round "1.9"]
[White "Exler, Veronika"]
[Black "Matnadze, Ana"]
[Result "0-1"]
[WhiteElo "2140"]
[BlackElo "2397"]
[PlyCount "100"]
[EventDate "2023.11.11"]
[EventType "team-swiss"]
[EventRounds "9"]
[EventCountry "MNE"]
[SourceTitle "CB47_2023"]
[SourceDate "2023.11.22"]
[SourceVersion "1"]
[SourceVersionDate "2023.11.22"]
[SourceQuality "1"]
[WhiteTeam "Austria (W)"]
[BlackTeam "Spain (W)"]
[WhiteTeamCountry "AUT"]
[BlackTeamCountry "ESP"]

1. d4 Nf6 2. c4 e6 3. Nf3 Bb4+ 4. Bd2 c5 5. Bxb4 cxb4 6. a3 bxa3 7. Nxa3 0-0 8. Nb5 d5 9. c5 Nc6 10. e3 b6 11. Qc1 Bd7 12. Be2 Ne4 13. Nd2 Nxd2 14. Qxd2 a5 15. 0-0 Rb8 16. Rfc1 Qe7 17. h3 f5 18. f4 g5 19. Kh2 Kh8 20. Qe1 Rg8 21. g3 Rg6 22. Qc3 Qg7 23. cxb6 Rxb6 24. Rg1 Rb8 25. Qc5 Rg8 26. Qc3 h5 27. Bxh5 Rh6 28. Be2 Qh7 29. Bf1 gxf4 30. exf4 Rb8 31. Qc5 Ne7 32. Rxa5 Bxb5 33. Rxb5 Rc8 34. Bg2 Rxc5 35. dxc5 Rg6 36. Rb7 Rg7 37. Ra1 Qg6 38. Ra3 Qf6 39. Raa7 Qg6 40. Ra3 Qf6 41. Raa7 Kh7 42. Kh1 e5 43. Rb6 Qf7 44. fxe5 Qh5 45. Ra3 Qe2 46. e6 f4 47. g4 Nf5 48. c6 Nh4 49. Bxd5 Qd1+ 50. Kh2 Qxd5 0-1

[Event "FIDE Grand Swiss (Women)"]
[Site "Douglas"]
[Date "2023.11.01"]
[Round "7"]
[White "Matnadze, Ana"]
[Black "Vantika, Agrawal"]
[Result "1/2-1/2"]
[WhiteElo "2400"]
[BlackElo "2435"]
[PlyCount "87"]
[EventDate "2023.10.25"]
[EventType "swiss"]
[EventRounds "11"]
[EventCountry "IOM"]
[SourceTitle "Mega2024 Update 01"]
[Source "Chessbase"]
[SourceDate "2023.11.12"]
[SourceVersion "1"]
[SourceVersionDate "2023.11.12"]
[SourceQuality "1"]

1. d4 Nf6 2. g3 g6 3. Bg2 Bg7 4. Nf3 0-0 5. 0-0 d6 6. c4 Nc6 7. Nc3 a6 8. d5 Na5 9. Nd2 c5 10. Rb1 b5 11. b3 Rb8 12. Bb2 Bh6 13. Ba1 Bxd2 14. Qxd2 bxc4 15. Ne4 Nxe4 16. Bxe4 cxb3 17. Qc3 f6 18. axb3 Rb4 19. Bc2 e5 20. Qd2 Bh3 21. Rfd1 Nb7 22. Bc3 Rb6 23. Qh6 Bf5 24. e4 Bd7 25. f4 Qe7 26. fxe5 fxe5 27. Rf1 Rxf1+ 28. Rxf1 Nd8 29. h4 Nf7 30. Qe3 Rb8 31. Bd2 Bb5 32. Rf3 c4 33. b4 Rc8 34. Qf2 Rf8 35. Bg5 Nxg5 36. Rxf8+ Qxf8 37. Qxf8+ Kxf8 38. hxg5 Kg7 39. Kf2 h6 40. Ke3 c3 41. Bd3 hxg5 42. Bxb5 axb5 43. Kd3 Kh6 44. g4 1/2-1/2

[Event "ESP-chT CECLUB Div1"]
[Site "Linares"]
[Date "2023.08.26"]
[Round "7.17"]
[White "Masague Artero, Guerau"]
[Black "Matnadze, Ana"]
[Result "1/2-1/2"]
[WhiteElo "2296"]
[BlackElo "2402"]
[PlyCount "135"]
[EventDate "2023.08.20"]
[EventType "team-tourn"]
[EventRounds "7"]
[EventCountry "ESP"]
[SourceTitle "CBM 215 Extra"]
[Source "ChessBase"]
[SourceDate "2023.09.30"]
[SourceVersion "1"]
[SourceVersionDate "2023.09.30"]
[SourceQuality "1"]
[WhiteTeam "Barcelona CE"]
[BlackTeam "Benalmadena Medio Ambiente"]
[WhiteTeamCountry "ESP"]
[BlackTeamCountry "ESP"]

1. d4 Nf6 2. c4 e6 3. Nf3 b6 4. g3 Bb7 5. Bg2 Be7 6. 0-0 0-0 7. Re1 d5 8. cxd5 exd5 9. Nc3 Nbd7 10. Bf4 Ne4 11. Qb3 Ndf6 12. Rad1 Bd6 13. Bxd6 Qxd6 14. e3 Ng4 15. Re2 Ba6 16. Rc2 Bc4 17. Qa4 Nxc3 18. Rxc3 b5 19. Qa5 b4 20. Rcc1 Qb6 21. Qa4 a5 22. h3 Nf6 23. Ne5 Bb5 24. Qc2 Ra7 25. Qc5 Rd8 26. Qxb6 cxb6 27. Bf1 Bxf1 28. Nc6 Bxh3 29. Nxd8 h5 30. Nc6 Rb7 31. f3 Ne8 32. Kf2 Bf5 33. Ne5 f6 34. Nd3 g5 35. Ke2 Kf7 36. Nf2 Nd6 37. Rh1 Bg6 38. g4 h4 39. Rc6 Ke7 40. Rhc1 Kd7 41. f4 Be8 42. b3 Bf7 43. Kd3 Bg6+ 44. f5 Be8 45. e4 Ke7 46. exd5 Bxc6 47. dxc6 Rc7 48. d5 Kd8 49. Re1 Rf7 50. Re6 Kc7 51. Kd4 Nb5+ 52. Kc4 Nd6+ 53. Rxd6 Kxd6 54. Ne4+ Kc7 55. Kb5 h3 56. d6+ Kd8 57. Nf2 h2 58. Kxb6 Rh7 59. Nh1 Rh3 60. Kb7 Rc3 61. Ng3 Rc1 62. Nh1 Rc3 63. Nf2 Rc5 64. Nh1 Rb5+ 65. Ka6 Rd5 66. Kb7 Rb5+ 67. Ka6 Rd5 68. Kb7 1/2-1/2

[Event "ESP-chT CECLUB Div1"]
[Site "Linares"]
[Date "2023.08.23"]
[Round "4.4"]
[White "Rodriguez Ferreiros, Andres"]
[Black "Matnadze, Ana"]
[Result "0-1"]
[WhiteElo "2130"]
[BlackElo "2402"]
[PlyCount "72"]
[EventDate "2023.08.20"]
[EventType "team-tourn"]
[EventRounds "7"]
[EventCountry "ESP"]
[SourceTitle "CBM 215 Extra"]
[Source "ChessBase"]
[SourceDate "2023.09.30"]
[SourceVersion "1"]
[SourceVersionDate "2023.09.30"]
[SourceQuality "1"]
[WhiteTeam "Sanxenxo Fontecarmoa"]
[BlackTeam "Benalmadena Medio Ambiente"]
[WhiteTeamCountry "ESP"]
[BlackTeamCountry "ESP"]

1. e4 c6 2. Nc3 d5 3. Nf3 dxe4 4. Nxe4 Nf6 5. Qe2 Nxe4 6. Qxe4 Nd7 7. Bc4 e6 8. d4 Nf6 9. Qe2 Be7 10. 0-0 0-0 11. a4 c5 12. Rd1 Qc7 13. c3 cxd4 14. Rxd4 Bd6 15. Bg5 e5 16. Rh4 Bf5 17. Bxf6 gxf6 18. Bd3 Bg6 19. Rg4 Rfd8 20. Nh4 Bc5 21. Nf5 Qd7 22. Rg3 Kf8 23. b4 Bxf5 24. Bxf5 Qxf5 25. bxc5 Rac8 26. Rd1 Qe4 27. Re3 Qxa4 28. Red3 Rxd3 29. Qxd3 Rxc5 30. h4 Rxc3 31. Qd8+ Kg7 32. h5 h6 33. g3 Qc6 34. Qa8 Qf3 35. Rb1 a6 36. Qxb7 Rc1+ 0-1

[Event "Krakow Euro Pairs Blitz-B (Women)"]
[Site "Krakow"]
[Date "2023.06.19"]
[Round "1.2"]
[White "Doluhanova, Evgeniya"]
[Black "Matnadze, Ana"]
[Result "0-1"]
[WhiteElo "2278"]
[BlackElo "2394"]
[PlyCount "110"]
[EventDate "2023.06.19"]
[EventType "k.o. (blitz)"]
[EventRounds "2"]
[EventCountry "POL"]
[SourceTitle "CBM 214 Extra"]
[Source "ChessBase"]
[SourceDate "2023.07.31"]
[SourceVersion "1"]
[SourceVersionDate "2023.07.31"]
[SourceQuality "1"]
[WhiteTeam "Ukraine"]
[BlackTeam "Spain"]
[WhiteTeamCountry "UKR"]
[BlackTeamCountry "ESP"]

1. c4 Nf6 2. Nc3 e5 3. Nf3 Nc6 4. e3 d6 5. b3 g6 6. Bb2 Bg7 7. d4 exd4 8. Nxd4 0-0 9. Be2 Re8 10. 0-0 Bd7 11. Bf3 a6 12. Rc1 Qc8 13. Nd5 Ne5 14. Be2 Bc6 15. Nxc6 bxc6 16. Nb4 a5 17. Nd3 Nxd3 18. Qxd3 Nd7 19. Bxg7 Kxg7 20. Qc3+ f6 21. f4 Qb7 22. Bf3 Qb6 23. Rce1 Nc5 24. Qc2 f5 25. Kh1 Re7 26. h4 h5 27. Qc3+ Kf7 28. Qd4 Rae8 29. Kh2 Qa6 30. Qc3 Ne4 31. Qd3 Qb6 32. Re2 Nf6 33. Rfe1 Qc5 34. Kg3 Ne4+ 35. Bxe4 Rxe4 36. Qc3 Qb4 37. Qd3 a4 38. Kf3 axb3 39. axb3 Rb8 40. Rb1 Qc5 41. Rbb2 Ree8 42. Qc3 Rb4 43. Red2 Reb8 44. Rd3 R4b7 45. Qd2 Qb4 46. Qc2 Re8 47. Kf2 Qb6 48. b4 Re4 49. Rbb3 Rxf4+ 50. Kg3 Rg4+ 51. Kh3 Rb8 52. c5 Qb5 53. cxd6 cxd6 54. Rxd6 Qe5 55. Rd7+ Ke8 0-1

[Event "Krakow Euro Pairs Blitz Qual (Women)"]
[Site "Krakow"]
[Date "2023.06.19"]
[Round "4.1"]
[White "Kiolbasa, Oliwia"]
[Black "Matnadze, Ana"]
[Result "0-1"]
[WhiteElo "2394"]
[BlackElo "2394"]
[PlyCount "96"]
[EventDate "2023.06.19"]
[EventType "tourn (blitz)"]
[EventRounds "7"]
[EventCountry "POL"]
[EventCategory "7"]
[SourceTitle "CBM 214 Extra"]
[Source "ChessBase"]
[SourceDate "2023.07.31"]
[SourceVersion "1"]
[SourceVersionDate "2023.07.31"]
[SourceQuality "1"]
[WhiteTeam "Poland"]
[BlackTeam "Spain"]
[WhiteTeamCountry "POL"]
[BlackTeamCountry "ESP"]

1. e4 c6 2. d4 d5 3. e5 Bf5 4. h4 h5 5. Bd3 Bxd3 6. Qxd3 e6 7. Nf3 g6 8. 0-0 Nh6 9. c4 Nf5 10. Bg5 Be7 11. Bxe7 Qxe7 12. g3 Nd7 13. Nc3 Rc8 14. Rac1 0-0 15. Rfe1 Rfd8 16. b3 Kg7 17. Qe2 Nf8 18. cxd5 exd5 19. Nd1 Ne6 20. Qd2 c5 21. dxc5 Rxc5 22. Ne3 Nxe3 23. Qxe3 d4 24. Qd3 Qc7 25. Rxc5 Qxc5 26. Rd1 a5 27. Qd2 Qd5 28. Ng5 Qxe5 29. Nxe6+ fxe6 30. Re1 Qd5 31. Qf4 Rd7 32. Rd1 e5 33. Qg5 e4 34. Qf4 d3 35. Qe3 Qd4 36. Qd2 b6 37. Rc1 Re7 38. Kf1 Rf7 39. Kg1 Rd7 40. a3 Qd6 41. b4 axb4 42. axb4 Qd4 43. b5 Re7 44. Rc6 e3 45. fxe3 Rxe3 46. Kf1 Qa1+ 47. Rc1 Qf6+ 48. Kg1 Rxg3+ 0-1